University Home | Library Home | Institutional Repository

Instant stability/ (Record no. 124942)

MARC details
000 -LEADER
fixed length control field 00554cam a2200169 4500
008 - FIXED-LENGTH DATA ELEMENTS--GENERAL INFORMATION
fixed length control field 150928n 000 0 eng u
020 ## - INTERNATIONAL STANDARD BOOK NUMBER
International Standard Book Number 9780939773749
035 ## - SYSTEM CONTROL NUMBER
System control number (Sirsi) a192742
050 ## - LIBRARY OF CONGRESS CALL NUMBER
Classification number VM 159 MOO 2010
100 ## - MAIN ENTRY--PERSONAL NAME
Personal name Moore, Colin S.
245 ## - TITLE STATEMENT
Title Instant stability/
Statement of responsibility, etc. Colin S. Moore
260 ## - PUBLICATION, DISTRIBUTION, ETC.
Place of publication, distribution, etc. New Jersey:
Name of publisher, distributor, etc. The society of naval architects and marine engineers,
Date of publication, distribution, etc. 2010
300 ## - PHYSICAL DESCRIPTION
Extent x, 82p.:
Other physical details ill.
440 ## - SERIES STATEMENT/ADDED ENTRY--TITLE
Title The principles of naval architecture series
504 ## - BIBLIOGRAPHY, ETC. NOTE
Bibliography, etc. note Includes bibliographical references
650 ## - SUBJECT ADDED ENTRY--TOPICAL TERM
Topical term or geographic name entry element stability of ships
Holdings
Withdrawn status Lost status Source of classification or shelving scheme Damaged status Not for loan Home library Current library Shelving location Total Checkouts Full call number Barcode Date last seen Copy number Price effective from Koha item type
    Library of Congress Classification     Main Library Main Library On Shelf   VM 159 MOO 2010 33729005286211 08/22/2019 1 08/22/2019 Book
© 2026 - The University of Zambia Library - Koha v25.11